| 000 | 00354nam a22001457a 4500 | ||
|---|---|---|---|
| 005 | 20250620125232.0 | ||
| 008 | 250620b |||||||| |||| 00| 0 eng d | ||
| 020 | _a9781852400958 | ||
| 050 |
_aBR1288 _bDAN |
||
| 100 | _aDANYUN | ||
| 245 | _aLILIES AMONGST THORNS | ||
| 260 |
_aengland _bSOVEREIGN WORLD LTD _cc1991 |
||
| 300 | _a352p | ||
| 942 |
_2lcc _cBK _n0 |
||
| 999 |
_c6609 _d6609 |
||